000 00443nam a2200169Ia 4500
008 230711s9999||||xx |||||||||||||| ||und||
041 _aENG
082 _a547
_bPA-E
100 _aPasto,Daniel J
245 0 _aExperiments and techniques in organic Chemistry
250 _a1st . . Ed.
260 _c1992
_aNew delhi
_bPrentice-Hall of India Private Limited
300 _a545
650 _aChemistry
700 _aJohnson,Carl R
942 _cBK
999 _c2044
_d2044